000
00267nam a2200097Ia 4500
005
20251222114344.0
008
251222s1900||||xx |||||||||||||| ||spa||
082
_a
DVD0092/C75/2004
245
0
_a
Comunione e Liberazione 1954-2004. Viaggio ai confini del mondo:
942
_c
DVD
999
_c
963
_d
963